Statistics for Australian Snacks by Picture

Click here to take the quiz!

General Stats

  • This quiz has been taken 55 times
  • The average score is 12 of 16

Answer Stats

Answer% Correct
Tim Tam
98%
Vegemite Toast
90%
Fairy Bread
84%
Shapes
82%
Snakes
80%
Anzac Biscuit
78%
Lamington
78%
Milo
78%
Meat Pie
76%
Smith's Chips
76%
Golden Gaytime
70%
Grain Waves
70%
Cheezels
68%
Twisties
68%
Cherry Ripe
58%
Fantales
56%

Score Distribution

Percentile by Number Answered

Percent of People with Each Score

Your Score History

You have not taken this quiz